By a single vote! : one-vote decisions that changed American history /

Bibliographic Details
Main Author: Lindop, Edmund
Format: Book
Language:English
Published: Harrisburg, PA : Stackpole Books, [1987]
Subjects:

MARC

Tag First Indicator Second Indicator Subfields
LEADER 00000cam a2200000 a 4500
001 in00000008734
005 20151003090014.0
008 870205s1987 pau b 00110 eng
010 |a  87001936  
020 |a 081172090X (pbk.) 
035 |a (OCoLC)15224007 
035 |9 AAA1136AM 
040 |a DLC  |c DLC  |d TXA  |d UtOrBLW 
043 |a n-us--- 
050 0 0 |a JK1965  |b .L56 1987 
082 0 |a 324.973  |2 19 
100 1 |a Lindop, Edmund. 
245 1 0 |a By a single vote! :  |b one-vote decisions that changed American history /  |c Edmund Lindop. 
264 1 |a Harrisburg, PA :  |b Stackpole Books,  |c [1987] 
264 4 |c ©1987 
300 |a 128 pages ;  |c 23 cm. 
336 |a text  |b txt  |2 rdacontent 
337 |a unmediated  |b n  |2 rdamedia 
338 |a volume  |b nc  |2 rdacarrier 
504 |a Bibliography: pages 123-124. 
500 |a Includes index. 
650 0 |a Elections  |z United States  |x History. 
650 0 |a Voting  |z United States  |x History. 
999 |a MARS 
999 f f |s dbe116ab-1db2-3735-ab2c-e63fbd74e846  |i 6edc54d7-7985-3844-819a-9ced0bf8cc6c  |t 0 
952 f f |p ric  |a Texas A&M University  |b Rellis Campus  |c Joint Library Facility  |d Remote Storage  |t 0  |e JK1965 .L56 1987  |h Library of Congress classification  |i unmediated -- volume  |m A14812630389 
998 f f |a JK1965 .L56 1987  |t 0  |l Remote Storage